Príkladov na riešenie penzijného zabezpečenia na Slovensku je vo svete veľa

Charakteristika penzijného zabezpečenia vo Veľkej Británii, Nemecku, Francúzsku a Česku.

Gespeichert in:
Bibliographische Detailangaben
1. Verfasser: Škrovánková, Lea, 1954-
Weitere Verfasser: Zbudila, M.
Format: Buchkapitel
Sprache:Slowakisch
Schlagworte:
Tags: Tag hinzufügen
Keine Tags, Fügen Sie das erste Tag hinzu!

MARC

LEADER 00000naa a2200000 4500
001 r019719
005 20230921074359.5
041 0 |a slo 
044 |a SK 
245 1 0 |a Príkladov na riešenie penzijného zabezpečenia na Slovensku je vo svete veľa  |c Lea Škrovánková, M. Zbudila 
520 |a Charakteristika penzijného zabezpečenia vo Veľkej Británii, Nemecku, Francúzsku a Česku. 
610 2 0 |a Veľká Británia 
610 2 0 |a Francúzsko 
610 2 0 |a Nemecko 
610 2 0 |a Česko 
610 2 0 |a zabezpečenie dôchodkové 
610 2 0 |a fondy penzijné 
610 2 0 |a dôchodky 
610 2 0 |a poistenie sociálne 
100 1 |a Škrovánková, Lea, 1954- 
700 1 |a Zbudila, M.